[Event "62th POL-ch (w)"]
[Site "Warsaw POL"]
[Date "2010.01.14"]
[Round "3.4"]
[White "Toma, Katarzyna"]
[Black "Szczepkowska-Horowska, Karina"]
[Result "1-0"]
[WhiteElo "2234"]
[BlackElo "2322"]
[EventDate "2010.01.09"]
[PlyCount "49"]

1.e4 e5 2.Nf3 Nf6 3.Nxe5 d6 4.Nf3 Nxe4 5.Nc3 Nxc3 6.dxc3 Be7 7.Be3 Nd7 8.
Qd2 O-O 9.O-O-O Ne5 10.h4 Re8 11.Nxe5 dxe5 12.Qe2 Bd6 13.Bc5 Qe7 14.Bxd6 
cxd6 15.Qd2 Rd8 16.Bc4 Be6 17.Bxe6 Qxe6 18.Qd5 Qe7 19.g3 Rac8 20.Rhe1 Rc5 
21.Qe4 b5 22.Rd5 Rc4 23.Qd3 a6 24.Rexe5 Qf6 25.Rxd6 1-0

[Event "62th POL-ch (w)"]
[Site "Warsaw POL"]
[Date "2010.01.13"]
[Round "3.1"]
[White "Przezdziecka, Marta"]
[Black "Matras-Clement, Agnieszka"]
[Result "0-1"]
[WhiteElo "2265"]
[BlackElo "2251"]
[EventDate "2010.01.09"]
[PlyCount "54"]

1.Nf3 Nf6 2.c4 e6 3.d4 d5 4.Nc3 Be7 5.e3 O-O 6.Bd3 dxc4 7.Bxc4 c5 8.O-O 
Nc6 9.dxc5 Bxc5 10.a3 Qe7 11.b4 Bb6 12.e4 Rd8 13.Qb3 Nd4 14.Nxd4 Bxd4 15.
Bb2 a6 16.Rad1 b5 17.Be2 Bb7 18.Bf3 Rac8 19.Rxd4 Rxd4 20.Nxb5 Rd2 21.Nc3 
Qc7 22.Na4 Nxe4 23.Bxe4 Bxe4 24.Nc5 Bd3 25.Nxd3 Qc2 26.Rc1 Rd1+ 27.Rxd1 
Qxb3 0-1

[Event "62th POL-ch (w)"]
[Site "Warsaw POL"]
[Date "2010.01.14"]
[Round "3.2"]
[White "Matras-Clement, Agnieszka"]
[Black "Przezdziecka, Marta"]
[Result "0-1"]
[WhiteElo "2251"]
[BlackElo "2265"]
[EventDate "2010.01.09"]
[PlyCount "142"]

1.e4 g6 2.d4 Bg7 3.Nf3 d6 4.Bd3 c5 5.c3 cxd4 6.Nxd4 Nc6 7.O-O Bd7 8.Be3 
Nf6 9.h3 O-O 10.Nd2 a6 11.f4 e5 12.Nxc6 Bxc6 13.f5 d5 14.fxg6 fxg6 15.exd5
Nxd5 16.Bc5 Rxf1+ 17.Qxf1 Nf4 18.Bc4+ Kh8 19.Nf3 Qf6 20.Be2 e4 21.Nd4 
Nxh3+ 22.gxh3 Qg5+ 23.Kh1 Qxc5 24.Nxc6 Qxc6 25.Rd1 Rf8 26.Qg2 Be5 27.Bg4 
Qc4 28.Be2 Qc6 29.Bg4 Rf4 30.Be2 Qf6 31.Rf1 Kg7 32.Rxf4 Qxf4 33.Kg1 Qe3+ 
34.Kh1 h5 35.Bf1 Kh6 36.Qe2 Qf4 37.Kg1 Bc7 38.Bg2 Qh2+ 39.Kf1 Qf4+ 40.Kg1 
Bb6+ 41.Kh1 Be3 42.Qc4 Qg3 43.Qf7 Bc5 44.Qf6 Qe1+ 45.Qf1 Qe3 46.b4 Bd6 47.
Qf6 Qe1+ 48.Bf1 Qg3 49.Qh8+ Kg5 50.Qd8+ Kf5 51.Qc8+ Kf6 52.Qh8+ Ke7 53.
Qg7+ Kd8 54.Qf6+ Kc7 55.Qg7+ Kc6 56.b5+ axb5 57.Bxb5+ Kxb5 58.Qxb7+ Kc5 
59.Qb4+ Kd5 60.Qd4+ Ke6 61.Qxe4+ Kf6 62.Qd4+ Kf7 63.Qd5+ Kg7 64.Qg2 Qxc3 
65.Qb7+ Kh6 66.Qg2 Qa1+ 67.Qg1 Qxa2 68.h4 Qd5+ 69.Qg2 Qd1+ 70.Qg1 Qxg1+ 
71.Kxg1 Bg3 0-1

[Event "62th POL-ch (w)"]
[Site "Warsaw POL"]
[Date "2010.01.14"]
[Round "3.3"]
[White "Matras-Clement, Agnieszka"]
[Black "Przezdziecka, Marta"]
[Result "0-1"]
[WhiteElo "2251"]
[BlackElo "2265"]
[EventDate "2010.01.09"]
[PlyCount "104"]

1.e4 c5 2.c3 g6 3.d4 cxd4 4.cxd4 d5 5.exd5 Nf6 6.Bb5+ Nbd7 7.Nc3 Bg7 8.d6 
exd6 9.Qe2+ Kf8 10.Nf3 h6 11.O-O Kg8 12.Re1 Kh7 13.Bf4 Nb6 14.Bd3 Nbd5 15.
Bg3 Bg4 16.Nxd5 Nxd5 17.Qe4 Bxf3 18.Qxf3 Nb4 19.Bb1 Qd7 20.a3 Nc6 21.d5 
Nd4 22.Qd3 Rac8 23.h4 Rhe8 24.Ba2 h5 25.Rad1 Nf5 26.Bf4 Nxh4 27.Qg3 Nf5 
28.Qh3 Rxe1+ 29.Rxe1 Re8 30.Be3 Qa4 31.Bb1 Nxe3 32.Qxh5+ Kg8 33.Bxg6 fxg6 
34.Qxg6 Qe4 35.Qxe4 Rxe4 36.fxe3 Bxb2 37.Rb1 Bxa3 38.Rxb7 Bc5 39.Kh2 Rxe3 
40.g3 Re5 41.Kh3 Rxd5 42.Kg4 Re5 43.Rd7 a5 44.Kf4 a4 45.g4 a3 46.Rd8+ Kg7 
47.Ra8 Re2 48.Kf3 Rc2 49.Ke4 a2 50.Kd3 Rg2 51.Kc4 Rxg4+ 52.Kb3 Rg2 0-1

[Event "62th POL-ch (w)"]
[Site "Warsaw POL"]
[Date "2010.01.14"]
[Round "3.4"]
[White "Przezdziecka, Marta"]
[Black "Matras-Clement, Agnieszka"]
[Result "1/2-1/2"]
[WhiteElo "2265"]
[BlackElo "2251"]
[EventDate "2010.01.09"]
[PlyCount "68"]

1.Nf3 Nf6 2.c4 e6 3.d4 d5 4.Nc3 Nbd7 5.Bf4 c6 6.e3 Be7 7.Be2 O-O 8.O-O Nh5
9.Bg3 Nxg3 10.hxg3 dxc4 11.Bxc4 c5 12.Qe2 a6 13.a4 b6 14.Rfd1 Bb7 15.dxc5 
Bxc5 16.Ne5 Bc8 17.Nxd7 Bxd7 18.Bxa6 Qe7 19.Bb5 Bxb5 20.Nxb5 Rfd8 21.b3 g6
22.Rxd8+ Rxd8 23.Rd1 Qf6 24.Rxd8+ Qxd8 25.Kh2 Qd5 26.Qc4 Qd2 27.Qf4 Qb2 
28.Nd4 Bxd4 29.exd4 Qxb3 30.Qb8+ Kg7 31.Qe5+ f6 32.Qc7+ Kh6 33.Qf4+ Kg7 
34.Qc7+ Kh6 1/2-1/2

[Event "62th POL-ch (w)"]
[Site "Warsaw POL"]
[Date "2010.01.13"]
[Round "3.1"]
[White "Gosciniak, Maria"]
[Black "Tomaszewska, Luiza"]
[Result "1-0"]
[WhiteElo "2188"]
[BlackElo "1891"]
[EventDate "2010.01.09"]
[PlyCount "129"]

1.g3 d5 2.Bg2 c6 3.c4 dxc4 4.Na3 e5 5.Nxc4 Bc5 6.d3 Nf6 7.Be3 Bxe3 8.Nxe3 
O-O 9.Nf3 Qe7 10.O-O c5 11.Nd2 Nc6 12.Ne4 Nxe4 13.dxe4 b6 14.Nd5 Qd6 15.e3
Ba6 16.Re1 Ne7 17.Qh5 Nxd5 18.exd5 Bd3 19.e4 f5 20.Rad1 c4 21.Qh4 f4 22.
Bh3 fxg3 23.hxg3 g6 24.Be6+ Kg7 25.Kg2 Qb4 26.b3 cxb3 27.axb3 Bc2 28.Rc1 
Kh8 29.Re2 g5 30.Qg4 Bd3 31.Bf5 Bxe2 32.Qxe2 Rf7 33.Qh5 Rg7 34.Qh6 Rd8 35.
Rc6 Rf8 36.Qe6 Re7 37.Qh6 Rg7 38.Re6 g4 39.Rxe5 Qc3 40.Qf4 Qxb3 41.d6 a5 
42.Rd5 Qf3+ 43.Qxf3 gxf3+ 44.Kxf3 a4 45.g4 a3 46.d7 Rd8 47.Rd3 Rgxd7 48.
Bxd7 a2 49.Ra3 Rxd7 50.Rxa2 Kg7 51.Ke3 Kg6 52.f4 Rd1 53.Rb2 Rd6 54.Rb5 h6 
55.Rb4 h5 56.gxh5+ Kxh5 57.e5 Rc6 58.Ke4 Kg4 59.Kd5 Rh6 60.e6 Kf5 61.Rxb6 
Rh1 62.Kd6 Kf6 63.f5 Rd1+ 64.Kc6 Rf1 65.Kd7 1-0

[Event "62th POL-ch (w)"]
[Site "Warsaw POL"]
[Date "2010.01.14"]
[Round "3.2"]
[White "Tomaszewska, Luiza"]
[Black "Gosciniak, Maria"]
[Result "0-1"]
[WhiteElo "1891"]
[BlackElo "2188"]
[EventDate "2010.01.09"]
[PlyCount "88"]

1.d3 g6 2.e4 Bg7 3.g3 d5 4.Nd2 c6 5.Bg2 e5 6.Ne2 Be6 7.Nb3 dxe4 8.Bxe4 f5 
9.Bg2 Nf6 10.c3 Bd5 11.f3 O-O 12.Be3 Nbd7 13.Qc2 a5 14.c4 Bf7 15.O-O a4 
16.Nd2 c5 17.Nc3 Qa5 18.Rae1 Nb8 19.Nb5 Qb6 20.Nb1 Nc6 21.N1c3 Nb4 22.Qe2 
Rfd8 23.Rd1 Nd7 24.a3 Nc6 25.Qc2 Qa5 26.Nd6 Rdb8 27.Nxf7 Kxf7 28.f4 Kg8 
29.Nb5 Rd8 30.Bd5+ Kf8 31.fxe5 Bxe5 32.d4 Nxd4 33.Nxd4 cxd4 34.Bh6+ Ke7 
35.Rxf5 gxf5 36.Qxf5 Kd6 37.Bd2 Qb6 38.c5+ Nxc5 39.Re1 Re8 40.Bf7 Re7 41.
Bg5 Qc7 42.Rxe5 Rxe5 43.Qf6+ Kd7 44.Bc4 Re1+ 0-1

[Event "62th POL-ch (w)"]
[Site "Warsaw POL"]
[Date "2010.01.13"]
[Round "3.1"]
[White "Adamowicz, Katarzyna"]
[Black "Zakoscielna, Kinga"]
[Result "1-0"]
[WhiteElo "2125"]
[BlackElo "2030"]
[EventDate "2010.01.09"]
[PlyCount "97"]

1.e4 c5 2.Nf3 Nc6 3.d4 cxd4 4.Nxd4 Qb6 5.Nb3 Nf6 6.Nc3 e6 7.Be3 Qc7 8.f4 
Bb4 9.e5 Nd5 10.Bd2 Nxc3 11.bxc3 Be7 12.Qg4 O-O 13.Bd3 d6 14.exd6 Bxd6 15.
O-O f5 16.Qh3 e5 17.fxe5 Bxe5 18.Kh1 Ne7 19.Nd4 g6 20.Rae1 a6 21.Rxe5 Qxe5
22.Bc4+ Kh8 23.Bf4 Qc5 24.Qh6 Bd7 25.Nb3 Qb6 26.Be3 Qc6 27.Bd4+ Rf6 28.Na5
Qd6 29.Nxb7 Qc6 30.Bb3 Ng8 31.Qh4 Rf8 32.Nc5 Bc8 33.Re1 Kg7 34.h3 h5 35.
Qg5 Qd6 36.Ne6+ Bxe6 37.Rxe6 Qd8 38.Rc6 Nh6 39.Rxa6 Qxd4 40.cxd4 Rxa6 41.
Qe7+ Nf7 42.c4 Raa8 43.c5 Rae8 44.Qd7 Rd8 45.Qa4 Ng5 46.c6 Ne4 47.c7 Rd6 
48.Qb5 h4 49.Qb7 1-0

[Event "62th POL-ch (w)"]
[Site "Warsaw POL"]
[Date "2010.01.14"]
[Round "3.2"]
[White "Zakoscielna, Kinga"]
[Black "Adamowicz, Katarzyna"]
[Result "0-1"]
[WhiteElo "2030"]
[BlackElo "2125"]
[EventDate "2010.01.09"]
[PlyCount "76"]

1.e4 e5 2.Nf3 Nc6 3.Bb5 Nf6 4.O-O Nxe4 5.d4 Nd6 6.dxe5 Nxb5 7.a4 Nbd4 8.
Nxd4 Nxd4 9.Qxd4 d5 10.exd6 Qxd6 11.Re1+ Be6 12.Qe4 O-O-O 13.Nc3 Qb4 14.
Qf3 Kb8 15.Bg5 Be7 16.Bf4 Bd6 17.Re4 Qa5 18.Bxd6 Rxd6 19.Nb5 Rd2 20.b4 Qb6
21.c4 Rhd8 22.h3 a6 23.a5 Qc6 24.Na3 R8d3 25.Qf4 Rd1+ 26.Rxd1 Rxd1+ 27.Kh2
Qa4 28.Qf3 Ra1 29.Re3 Qxb4 30.Rb3 Qd6+ 31.g3 Bc8 32.Nc2 Rxa5 33.Nb4 Rf5 
34.Qe3 Rh5 35.c5 Rxh3+ 36.Kg2 Qd1 37.Nxa6+ Ka7 38.c6+ b6 0-1

[Event "62th POL-ch (w)"]
[Site "Warsaw POL"]
[Date "2010.01.16"]
[Round "4.1"]
[White "Rajlich, Iweta"]
[Black "Socko, Monika"]
[Result "0-1"]
[WhiteElo "2455"]
[BlackElo "2450"]
[EventDate "2010.01.09"]
[PlyCount "140"]

1.d4 Nf6 2.c4 e6 3.Nc3 Bb4 4.Nf3 b6 5.Qb3 c5 6.a3 Ba5 7.Bg5 h6 8.Bh4 g5 9.
Bg3 Ne4 10.Rd1 d6 11.Qc2 Bxc3+ 12.bxc3 Nxg3 13.hxg3 Bb7 14.dxc5 bxc5 15.
Qd2 Qf6 16.Qb2 Bxf3 17.gxf3 Nd7 18.Rxd6 Rb8 19.Qc2 Nb6 20.Bg2 O-O 21.O-O 
Nxc4 22.Ra6 Rfd8 23.Ra4 Rb2 24.Qc1 Nb6 25.Qxb2 Nxa4 26.Qc2 Nb6 27.Rc1 Rd6 
28.Bf1 Qd8 29.c4 Rd2 30.Qb3 Qd4 31.Rc3 Kg7 32.e3 Qf6 33.Kg2 Nd7 34.Rc2 Rd6
35.Qb2 Rb6 36.Qc1 Rb3 37.Be2 Nb6 38.Bd1 Na4 39.Rd2 Rc3 40.Qa1 Nb6 41.Be2 
Nxc4 42.Rd7 a5 43.Ra7 Rc2 44.Qxf6+ Kxf6 45.Bxc4 Rxc4 46.Rxa5 Ke5 47.Ra7 f6
48.Rh7 Ra4 49.Rxh6 f5 50.f4+ gxf4 51.gxf4+ Kd5 52.Kf3 Rxa3 53.Rh8 Ra6 54.
Ke2 c4 55.Rd8+ Kc5 56.e4 fxe4 57.Ke3 c3 58.Rh8 Rd6 59.Rc8+ Rc6 60.Rb8 Kc4 
61.Rb7 Rc8 62.Rb6 Rc5 63.Rb8 Rd5 64.Rc8+ Kb3 65.Rb8+ Ka2 66.Rc8 Kb2 67.
Rb8+ Kc1 68.Rc8 c2 69.Ke2 Rb5 70.Ke3 Kb2 0-1

[Event "62th POL-ch (w)"]
[Site "Warsaw POL"]
[Date "2010.01.17"]
[Round "4.2"]
[White "Socko, Monika"]
[Black "Rajlich, Iweta"]
[Result "1-0"]
[WhiteElo "2450"]
[BlackElo "2455"]
[EventDate "2010.01.09"]
[PlyCount "77"]

1.d4 Nf6 2.c4 g6 3.Nc3 d5 4.Bf4 Bg7 5.e3 c5 6.dxc5 Qa5 7.Rc1 dxc4 8.Bxc4 
O-O 9.Ne2 Qxc5 10.Qb3 Nc6 11.Nb5 Qh5 12.Ng3 Qh4 13.Nc7 e5 14.Bg5 Qxg5 15.
Nxa8 Na5 16.Bxf7+ Kh8 17.Qa3 Nc6 18.Bc4 e4 19.O-O h5 20.Nc7 h4 21.Ne2 Bh3 
22.Nf4 Bxg2 23.Nce6 Qg4 24.Nxg2 h3 25.Nf4 Nd5 26.Nxh3 Ne5 27.Bxd5 Qxh3 28.
Bxe4 Rf5 29.f3 Rh5 30.Qe7 Qxh2+ 31.Kf2 Rh3 32.Qg5 Bh6 33.Rc8+ Kh7 34.Rc7+ 
Bg7 35.Rfc1 Kh8 36.Rxg7 Rxf3+ 37.Bxf3 Nd3+ 38.Ke2 Nxc1+ 39.Kd2 1-0

[Event "62th POL-ch (w)"]
[Site "Warsaw POL"]
[Date "2010.01.16"]
[Round "4.1"]
[White "Zawadzka, Jolanta"]
[Black "Majdan, Joanna"]
[Result "1-0"]
[WhiteElo "2391"]
[BlackElo "2374"]
[EventDate "2010.01.09"]
[PlyCount "135"]

1.e4 c5 2.Nf3 e6 3.d4 cxd4 4.Nxd4 a6 5.Nc3 Qc7 6.Bd3 Nf6 7.O-O Bc5 8.Nb3 
Be7 9.f4 d6 10.Qf3 Nbd7 11.Be3 b5 12.Rae1 Bb7 13.a3 h5 14.h3 h4 15.Bf2 Nh5
16.Qe3 g6 17.Be2 Rc8 18.Bg4 Nhf6 19.Bf3 e5 20.Re2 Kf8 21.Nd5 Bxd5 22.exd5 
Kg7 23.Be1 Qc4 24.Na5 Qc7 25.Nc6 Bd8 26.Kh1 Qb6 27.fxe5 dxe5 28.Qxb6 Bxb6 
29.Bc3 Rhe8 30.Rfe1 Bc7 31.Bb4 e4 32.Bg4 Nxg4 33.hxg4 Bg3 34.Rf1 Nb6 35.
Ne7 Rc4 36.d6 Rxb4 37.axb4 Bxd6 38.Nc6 e3 39.Rd1 Bg3 40.b3 f5 41.gxf5 gxf5
42.Nd4 Kf6 43.Nf3 Re4 44.Rd3 Bf2 45.Rd6+ Re6 46.Rxe6+ Kxe6 47.Ng5+ Kf6 48.
Nh3 Bg3 49.Rxe3 Nd5 50.Re2 Nxb4 51.c3 Nd5 52.Rc2 Be5 53.c4 Nb4 54.Rc1 Nd3 
55.Rd1 Nb2 56.Ra1 Nxc4 57.Rxa6+ Nd6 58.Kg1 Ke6 59.Ng5+ Kd5 60.Nf3 Bg3 61.
Kf1 Kc5 62.Ke2 Kb4 63.Nd4 Ne4 64.Re6 Nc5 65.Rb6 Kc3 66.Nxb5+ Kxb3 67.Nd4+ 
Kc4 68.Nxf5 1-0

[Event "62th POL-ch (w)"]
[Site "Warsaw POL"]
[Date "2010.01.17"]
[Round "4.2"]
[White "Majdan, Joanna"]
[Black "Zawadzka, Jolanta"]
[Result "1/2-1/2"]
[WhiteElo "2374"]
[BlackElo "2391"]
[EventDate "2010.01.09"]
[PlyCount "143"]

1.e4 e5 2.Nf3 Nc6 3.Bb5 a6 4.Ba4 Nf6 5.O-O b5 6.Bb3 Bb7 7.d3 Be7 8.Re1 O-O
9.Nbd2 d6 10.a4 Nd7 11.axb5 axb5 12.Rxa8 Bxa8 13.c3 Nc5 14.Nf1 Bf6 15.Ne3 
b4 16.Bc2 bxc3 17.bxc3 g6 18.d4 Nd7 19.Bb1 Qb8 20.Bc2 exd4 21.cxd4 Bg7 22.
Ng4 Nf6 23.Nh6+ Kh8 24.h3 Ng8 25.Ng4 Qb4 26.Be3 Nf6 27.Nxf6 Bxf6 28.Qd3 
Qa5 29.Bd2 Qa7 30.Bc3 Rb8 31.Qc4 Kg8 32.e5 d5 33.Qd3 Bg7 34.e6 fxe6 35.
Rxe6 Qa3 36.Qe3 Rf8 37.Ng5 Nd8 38.Re8 Rxe8 39.Qxe8+ Qf8 40.Qd7 Qd6 41.Qe8+
Qf8 42.Qe3 Bf6 43.h4 Qe7 44.Qg3 Bc6 45.Bd3 Be8 46.Bf1 Nf7 47.Nf3 c5 48.Qb8
Kg7 49.Qb6 c4 50.Bb4 Qd8 51.Qc5 Ba4 52.g3 Bc2 53.Ne1 Be4 54.Ng2 g5 55.h5 
Nh6 56.Ne3 Nf5 57.Nxf5+ Bxf5 58.Bg2 Be6 59.Qa7+ Qd7 60.Qb6 h6 61.Qc5 Qf7 
62.g4 Kh7 63.Bf3 Bxd4 64.Be4+ dxe4 65.Qxd4 Bxg4 66.Qxe4+ Bf5 67.Qe5 Qd7 
68.Kh2 Qf7 69.Kg3 Bd3 70.Bc3 Qf4+ 71.Qxf4 gxf4+ 72.Kxf4 1/2-1/2

[Event "62th POL-ch (w)"]
[Site "Warsaw POL"]
[Date "2010.01.16"]
[Round "4.1"]
[White "Przezdziecka, Marta"]
[Black "Kulon, Klaudia"]
[Result "1/2-1/2"]
[WhiteElo "2265"]
[BlackElo "2202"]
[EventDate "2010.01.09"]
[PlyCount "88"]

1.d4 Nf6 2.Nf3 g6 3.g3 Bg7 4.Bg2 d5 5.O-O O-O 6.c4 c6 7.Ne5 e6 8.Nc3 Nfd7 
9.Nxd7 Nxd7 10.cxd5 exd5 11.Be3 Re8 12.Qd2 b5 13.Rac1 Bb7 14.Rfd1 Nf8 15.
Bg5 Qd7 16.e4 Ne6 17.exd5 cxd5 18.Be3 Rac8 19.Ne2 Rxc1 20.Rxc1 Rc8 21.Rc3 
Rc4 22.Rxc4 bxc4 23.Qa5 a6 24.h4 Bf6 25.Qd2 Nc7 26.Bg5 Bg7 27.Kh2 Nb5 28.
Be3 Nd6 29.Nc3 Nf5 30.Bh3 Qe6 31.Bxf5 Qxf5 32.Kg1 h5 33.Bf4 Kh7 34.Be3 Bc8
35.Bf4 Be6 36.Be3 Qg4 37.Qe2 Qf5 38.Qd2 Bf6 39.Qd1 Bd8 40.Qb1 Qg4 41.Qd1 
Qxd1+ 42.Nxd1 Bg4 43.Nc3 Bf3 44.Na4 f6 1/2-1/2

[Event "62th POL-ch (w)"]
[Site "Warsaw POL"]
[Date "2010.01.17"]
[Round "4.2"]
[White "Kulon, Klaudia"]
[Black "Przezdziecka, Marta"]
[Result "1/2-1/2"]
[WhiteElo "2202"]
[BlackElo "2265"]
[EventDate "2010.01.09"]
[PlyCount "206"]

1.e4 c5 2.Nf3 e6 3.d4 cxd4 4.Nxd4 Nc6 5.Nc3 Qc7 6.Be2 a6 7.Be3 Nf6 8.O-O 
b5 9.a3 Bb7 10.f4 Bc5 11.Qd3 Qb6 12.Rad1 O-O 13.e5 Nxd4 14.Bxd4 Nd5 15.
Nxd5 Bxd5 16.c3 f6 17.Qe3 Bxd4 18.Rxd4 fxe5 19.Qxe5 Rf5 20.Qe3 Raf8 21.Bd3
R5f6 22.Be4 Bc4 23.Rf3 d6 24.h3 Qc5 25.Rd2 Rxf4 26.Qxc5 dxc5 27.Rxf4 Rxf4 
28.Bf3 Kf7 29.Rd7+ Kf6 30.Rc7 Rf5 31.Ra7 b4 32.axb4 cxb4 33.cxb4 Bb5 34.
Rb7 Rf4 35.Rb6 Rxb4 36.Bd5 Ke5 37.Bxe6 Rxb2 38.Bc8 Ra2 39.Rb7 g5 40.Rxh7 
a5 41.Rh5 Kf6 42.h4 a4 43.Rxg5 Bc6 44.Bf5 Bxg2 45.Bb1 Rb2 46.Rg6+ Kf7 47.
Ra6 Bb7 48.Rxa4 Rxb1+ 49.Kf2 Kg6 50.Ke3 Kh5 51.Kd4 Bf3 52.Ra5+ Kxh4 53.Ke3
Bg4 54.Kd4 Kg3 55.Ke5 Re1+ 56.Kd6 Bf3 57.Ra4 Be4 58.Ra2 Kf4 59.Rf2+ Bf3 
60.Rb2 Rh1 61.Rb8 Rd1+ 62.Kc5 Be4 63.Rf8+ Ke3 64.Rb8 Rd5+ 65.Kc4 Rd6 66.
Rb3+ Bd3+ 67.Kc5 Rh6 68.Rb8 Rh5+ 69.Kb4 Rd5 70.Kc3 Rd7 71.Rh8 Rc7+ 72.Kb4 
Bf5 73.Re8+ Kd4 74.Rd8+ Bd7 75.Kb3 Ra7 76.Kc2 Rb7 77.Kd2 Kc5 78.Ke3 Bc6 
79.Kf4 Bd5 80.Ke5 Re7+ 81.Kf6 Re1 82.Rh8 Kd4 83.Rh4+ Be4 84.Rh8 Ra1 85.
Rd8+ Bd5 86.Kf5 Rf1+ 87.Kg4 Ke5 88.Re8+ Be6+ 89.Kg3 Rf6 90.Ra8 Rh6 91.Kf2 
Rh3 92.Re8 Rh6 93.Ke3 Rf6 94.Kd3 Kd5 95.Rd8+ Kc5 96.Ke4 Rh6 97.Ke5 Bc4 98.
Rc8+ Kb4 99.Rb8+ Kc3 100.Ke4 Re6+ 101.Kf4 Kd4 102.Rd8+ Bd5 103.Kf5 Re1 
1/2-1/2

[Event "62th POL-ch (w)"]
[Site "Warsaw POL"]
[Date "2010.01.17"]
[Round "4.3"]
[White "Kulon, Klaudia"]
[Black "Przezdziecka, Marta"]
[Result "1-0"]
[WhiteElo "2202"]
[BlackElo "2265"]
[EventDate "2010.01.09"]
[PlyCount "53"]

1.e4 c5 2.Nf3 e6 3.d4 cxd4 4.Nxd4 Nc6 5.Nc3 Qc7 6.Be2 a6 7.O-O Nf6 8.Kh1 
b5 9.Nxc6 dxc6 10.f4 b4 11.e5 bxc3 12.exf6 gxf6 13.bxc3 Bc5 14.Rb1 Rb8 15.
Bb2 Bb7 16.c4 Be7 17.Bd3 c5 18.Qg4 Kf8 19.Rf2 Rg8 20.Qh4 f5 21.Qh6+ Ke8 
22.Be2 Rg6 23.Qxh7 Bf6 24.Bh5 Bxb2 25.Bxg6 Bg7 26.Re1 fxg6 27.Qg8+ 1-0

[Event "62th POL-ch (w)"]
[Site "Warsaw POL"]
[Date "2010.01.17"]
[Round "4.4"]
[White "Przezdziecka, Marta"]
[Black "Kulon, Klaudia"]
[Result "1-0"]
[WhiteElo "2265"]
[BlackElo "2202"]
[EventDate "2010.01.09"]
[PlyCount "135"]

1.c4 c6 2.d4 d5 3.Nc3 e6 4.e4 dxe4 5.Nxe4 Bb4+ 6.Bd2 Bxd2+ 7.Qxd2 Nf6 8.
Nxf6+ Qxf6 9.Nf3 O-O 10.O-O-O Nd7 11.Bd3 e5 12.dxe5 Nxe5 13.Nxe5 Qxe5 14.
Rhe1 Qf6 15.Qc2 g6 16.Kb1 Be6 17.f3 Rfd8 18.Be4 Rxd1+ 19.Rxd1 Rd8 20.Rd3 
Rxd3 21.Qxd3 Qh4 22.b3 Qe1+ 23.Kb2 Qf2+ 24.Ka3 Qc5+ 25.Kb2 Qf2+ 26.Qc2 
Qd4+ 27.Qc3 Qf2+ 28.Ka3 Qc5+ 29.Qb4 Qxb4+ 30.Kxb4 f5 31.Bd3 Kf7 32.Kc5 Ke7
33.Kd4 Kf6 34.f4 Bd7 35.a4 Ke6 36.b4 Kd6 37.c5+ Ke6 38.Bc4+ Kf6 39.b5 h6 
40.g3 g5 41.Bd3 gxf4 42.gxf4 Ke6 43.Be2 Kf6 44.Kc4 Ke7 45.Bf3 Be8 46.Kb4 
Kd7 47.b6 axb6 48.cxb6 Kd6 49.a5 Bf7 50.Be2 c5+ 51.Kc3 Bd5 52.Bd3 Be6 53.
Bb5 Bd5 54.Bc4 Bxc4 55.Kxc4 Kc6 56.h3 h5 57.h4 Kd6 58.Kb5 Kd5 59.a6 bxa6+ 
60.Kxa6 Ke4 61.b7 Kxf4 62.b8=Q+ Kg4 63.Qe5 c4 64.Kb5 c3 65.Qxc3 Kxh4 66.
Kc5 f4 67.Kd5 Kg4 68.Ke4 1-0

[Event "62th POL-ch (w)"]
[Site "Warsaw POL"]
[Date "2010.01.17"]
[Round "4.5"]
[White "Przezdziecka, Marta"]
[Black "Kulon, Klaudia"]
[Result "1-0"]
[WhiteElo "2265"]
[BlackElo "2202"]
[EventDate "2010.01.09"]
[PlyCount "119"]

1.c4 c5 2.Nf3 Nf6 3.g3 d5 4.cxd5 Nxd5 5.Bg2 Nc6 6.O-O e5 7.Nc3 Nc7 8.d3 f6
9.Be3 Be6 10.a3 Qd7 11.Rc1 Rc8 12.Ne4 b6 13.Nfd2 Nd5 14.Nc4 Be7 15.Bd2 O-O
16.Ne3 Nd4 17.Nxd5 Bxd5 18.Bc3 Rfd8 19.Bxd4 cxd4 20.Nd2 Be6 21.Nf3 Qb5 22.
Qd2 Qb3 23.Rxc8 Rxc8 24.Rc1 Rc5 25.Rxc5 Bxc5 26.Qc1 a5 27.Nd2 Qb5 28.Qc2 
a4 29.h4 Kf7 30.Be4 h6 31.Nc4 Qb3 32.Qc1 Be7 33.Bf3 b5 34.Nd2 Qa2 35.Ne4 
b4 36.axb4 Qb3 37.Kh2 Qxb4 38.Nd2 Qc5 39.Nc4 g6 40.Qc2 Bd7 41.Qc1 Bb5 42.
Qxh6 Bxc4 43.dxc4 Qxc4 44.Qh7+ Ke8 45.Qxg6+ Kd7 46.Qf5+ Kc7 47.h5 Qc1 48.
Qg6 Qg5 49.Qxg5 fxg5 50.Kh3 Kb6 51.Kg4 Kc5 52.Kf5 Kb4 53.h6 Bf8 54.Kg6 
Bxh6 55.Kxh6 Kb3 56.Kxg5 Kxb2 57.Bd5 Kc3 58.Kf5 Kd2 59.Kxe5 a3 60.Kxd4 1-0

[Event "62th POL-ch (w)"]
[Site "Warsaw POL"]
[Date "2010.01.17"]
[Round "4.6"]
[White "Kulon, Klaudia"]
[Black "Przezdziecka, Marta"]
[Result "1-0"]
[WhiteElo "2202"]
[BlackElo "2265"]
[EventDate "2010.01.09"]
[PlyCount "53"]

1.c4 f5 2.Nc3 Nf6 3.g3 g6 4.Bg2 Bg7 5.e3 O-O 6.Nge2 d6 7.O-O e5 8.d3 c6 9.
b4 Be6 10.b5 Qd7 11.Ba3 Re8 12.Rc1 a6 13.bxc6 bxc6 14.Qa4 d5 15.cxd5 cxd5 
16.Qxd7 Nbxd7 17.d4 e4 18.Nf4 Bf7 19.h4 Rec8 20.Na4 Bf8 21.Bc5 Rab8 22.Rc2
Rc6 23.Rfc1 Rbc8 24.Bf1 Nxc5 25.Nxc5 Nd7 26.Bxa6 Ra8 27.Bb7 1-0

[Event "62th POL-ch (w)"]
[Site "Warsaw POL"]
[Date "2010.01.17"]
[Round "4.7"]
[White "Przezdziecka, Marta"]
[Black "Kulon, Klaudia"]
[Result "0-1"]
[WhiteElo "2265"]
[BlackElo "2202"]
[EventDate "2010.01.09"]
[PlyCount "62"]

1.d4 d5 2.Nf3 c6 3.c4 e6 4.Nc3 f5 5.Bf4 Nf6 6.e3 Bd6 7.Ne5 O-O 8.Be2 Ne4 
9.Nxe4 dxe4 10.c5 Bc7 11.h4 Nd7 12.Nxd7 Bxf4 13.exf4 Qxd7 14.Qa4 Qc7 15.g3
Bd7 16.Bc4 b5 17.cxb6 axb6 18.Qb3 Qd6 19.Rd1 b5 20.Be2 Ra4 21.O-O Be8 22.
a3 Bf7 23.Qc3 Rd8 24.Rd2 Rxd4 25.Rxd4 Qxd4 26.Qxc6 Qxb2 27.Bxb5 Qxa3 28.
Rc1 e3 29.fxe3 Qxe3+ 30.Kh2 Bh5 31.Bf1 Bf3 0-1

[Event "62th POL-ch (w)"]
[Site "Warsaw POL"]
[Date "2010.01.16"]
[Round "4.1"]
[White "Kadziolka, Beata"]
[Black "Toma, Katarzyna"]
[Result "1/2-1/2"]
[WhiteElo "2328"]
[BlackElo "2234"]
[EventDate "2010.01.09"]
[PlyCount "47"]

1.d4 Nf6 2.Bg5 g6 3.Bxf6 exf6 4.e3 d5 5.g3 Bd6 6.Bg2 c6 7.Nd2 f5 8.Ne2 Nd7
9.O-O Nf6 10.c4 dxc4 11.Nxc4 Bc7 12.Nf4 O-O 13.b4 Qe7 14.Rb1 Ne4 15.Qc2 
Rd8 16.a4 Rb8 17.Rfd1 g5 18.Nd3 Be6 19.Nce5 f6 20.Nc4 Bd5 21.Nc5 Kg7 22.
Nd2 Re8 23.Re1 Bd6 24.f3 1/2-1/2

[Event "62th POL-ch (w)"]
[Site "Warsaw POL"]
[Date "2010.01.17"]
[Round "4.2"]
[White "Toma, Katarzyna"]
[Black "Kadziolka, Beata"]
[Result "0-1"]
[WhiteElo "2234"]
[BlackElo "2328"]
[EventDate "2010.01.09"]
[PlyCount "72"]

1.e4 c5 2.Nf3 d6 3.d4 cxd4 4.Nxd4 Nf6 5.Nc3 a6 6.h3 e6 7.g4 Be7 8.Bg2 Nfd7
9.Be3 Nc6 10.Qe2 Nxd4 11.Bxd4 O-O 12.a4 Qc7 13.O-O b6 14.Rad1 Bb7 15.Kh1 
Rac8 16.f4 Qc4 17.Qd2 b5 18.axb5 axb5 19.b3 Qc6 20.b4 Rfe8 21.Rf3 Qc4 22.
Rd3 e5 23.Be3 Nf6 24.Nd5 Nxe4 25.Qe1 Bxd5 26.Rxd5 Nc3 27.R1d2 Nxd5 28.Bxd5
Qxb4 29.fxe5 dxe5 30.Qf1 Rf8 31.Rf2 Kh8 32.Kg1 Bc5 33.Bxc5 Qxc5 34.Be4 Qd4
35.Qe2 Rc3 36.Bd3 b4 0-1

[Event "62th POL-ch (w)"]
[Site "Warsaw POL"]
[Date "2010.01.16"]
[Round "4.1"]
[White "Dworakowska, Joanna"]
[Black "Matras-Clement, Agnieszka"]
[Result "1-0"]
[WhiteElo "2374"]
[BlackElo "2251"]
[EventDate "2010.01.09"]
[PlyCount "81"]

1.e4 e5 2.Nf3 Nc6 3.Bb5 a6 4.Bxc6 dxc6 5.O-O Qd6 6.Na3 b5 7.c3 c5 8.Nc2 
Ne7 9.a4 Bb7 10.axb5 axb5 11.Rxa8+ Bxa8 12.d4 Ng6 13.Qe2 Bc6 14.Nxe5 Nxe5 
15.Bf4 Qg6 16.Bxe5 Bd6 17.Bxd6 Qxd6 18.Ne3 cxd4 19.Rd1 O-O 20.Rxd4 Qe5 21.
Qd3 h6 22.f3 Re8 23.Rd8 Rxd8 24.Qxd8+ Kh7 25.Qd4 Qxd4 26.cxd4 Kg6 27.Kf2 
Kf6 28.Ke2 g5 29.Kd3 h5 30.h3 Ke7 31.Kc3 Bd7 32.Nd5+ Kd6 33.Nf6 h4 34.Kb4 
Bc6 35.Nh7 Bd7 36.Nxg5 f5 37.Nf7+ Ke6 38.Ne5 Be8 39.Kc5 fxe4 40.fxe4 Kf6 
41.Nf3 1-0

[Event "62th POL-ch (w)"]
[Site "Warsaw POL"]
[Date "2010.01.17"]
[Round "4.2"]
[White "Matras-Clement, Agnieszka"]
[Black "Dworakowska, Joanna"]
[Result "1/2-1/2"]
[WhiteElo "2251"]
[BlackElo "2374"]
[EventDate "2010.01.09"]
[PlyCount "143"]

1.e4 c5 2.Nf3 d6 3.d4 cxd4 4.Nxd4 Nf6 5.Nc3 Nc6 6.Bg5 e6 7.Qd2 a6 8.f3 Bd7
9.O-O-O Be7 10.g4 h5 11.gxh5 Nxh5 12.Bxe7 Qxe7 13.Rg1 Rd8 14.Kb1 Qf6 15.
Nce2 Nxd4 16.Nxd4 e5 17.Nb3 Be6 18.Na5 Rd7 19.Bc4 Nf4 20.Bxe6 Nxe6 21.Nc4 
Nd4 22.Rg3 Rd8 23.c3 Nc6 24.Qg5 Qxg5 25.Rxg5 Ke7 26.Rxg7 Rxh2 27.Ne3 Ke6 
28.a4 Ne7 29.Rd3 Ng6 30.Nd5 Rc8 31.Rd1 Rf2 32.Rg1 Ne7 33.Rh1 Nxd5 34.exd5+
Ke7 35.Rh3 Rc4 36.Rg8 Kd7 37.Rb8 Kc7 38.Rhh8 Rxa4 39.Rhc8+ Kb6 40.Rd8 Rxf3
41.Rxd6+ Ka7 42.Re8 Rf1+ 43.Kc2 Rf2+ 44.Kb3 Ra1 45.Rdd8 Rb1 46.Kc4 Rfxb2 
47.Kc5 Rb5+ 48.Kd6 Kb6 49.Rc8 R5b2 50.Rxe5 Ka5 51.Ke7 f6 52.Kxf6 Rd1 53.c4
b5 54.c5 Rh2 55.d6 Ka4 56.Ke6 b4 57.Ra8 a5 58.c6 Rh6+ 59.Ke7 Rhxd6 60.
Raxa5+ Kb3 61.Rac5 Rd8 62.Re3+ Ka4 63.c7 Rc8 64.Rf3 Rh1 65.Rf6 Rh7+ 66.Kd6
b3 67.Rf4+ Ka3 68.Ra5+ Kb2 69.Rf2+ Kb1 70.Ra7 Rcxc7 71.Rxc7 Rxc7 72.Kxc7 
1/2-1/2

[Event "62th POL-ch (w)"]
[Site "Warsaw POL"]
[Date "2010.01.16"]
[Round "4.1"]
[White "Szczepkowska-Horowska, Karina"]
[Black "Worek, Joanna"]
[Result "0-1"]
[WhiteElo "2322"]
[BlackElo "2226"]
[EventDate "2010.01.09"]
[PlyCount "84"]

1.e4 c5 2.Nf3 d6 3.d4 cxd4 4.Nxd4 Nf6 5.Nc3 e6 6.Be2 Be7 7.O-O O-O 8.f4 
Nc6 9.Kh1 a6 10.a4 Bd7 11.Nb3 Rc8 12.a5 Nb4 13.Be3 e5 14.Bb6 Qe8 15.f5 Bc6
16.Bf3 Nd7 17.Be3 Bb5 18.Rf2 Nf6 19.Rd2 h6 20.Nxb5 axb5 21.Bf2 d5 22.exd5 
e4 23.Be2 Bd6 24.Nd4 e3 25.Bxb5 Qe4 26.Re2 Nbxd5 27.Ra4 Nf4 28.Nf3 Qxf5 
29.Bxe3 Qxb5 30.Rxf4 Bxf4 31.Bxf4 Rfe8 32.Rxe8+ Rxe8 33.b3 Qxa5 34.h3 Qf5 
35.Bh2 Ne4 36.Qd4 Qc5 37.Qxc5 Nxc5 38.Be5 Ne4 39.Bd4 f6 40.Kg1 Kf7 41.b4 
Rc8 42.Ne1 Rc4 0-1